000 00793nam a2200289Ia 4500
003 OSt
005 20220924114828.0
006 a|||||r|||| 00| 0
007 ta
008 220923b |||||||| |||| 00| 0 ara d
020 _a9771114239
020 _c1100.00
024 _a343850
037 _cTextual
040 _aARTS
_cARTS
_bara
041 _2ara
_aara
082 _aQ7:369, 28P1.1-.2
100 _aJauzi Jamaluddin Abi-al-Farj Au.
_9175603
245 0 _aKitabo sifatul safwata
260 _aCairo
_bMaktaba Misr Egypt
_c2001
490 _vVol.1
650 _a ISLAM
_9577
650 _a RELIGION
650 _aARABIC LANGUAGE
_931794
942 _hQ7:369, 28P1.1-.2
_cTEXL
_2CC
999 _c395505
_d395505